000 00638nam a2200205 a 4500
005 20240925064529.0
008 991125s1977 mad 000 0 spa u
020 _a8426903355
035 _aUPN01000018184
049 _aCG
050 4 _aLB1062
_bT6.38
100 1 _aTorrance, Ellis Paul,
_d1915-2003
_929616
245 1 0 _aEducación y capacidad creativa /
_cE. Paul Torrance ; tr. Jorge Piqué.
260 _aMadrid :
_bMarova,
_c1977.
300 _a233 p. :
_bil.
440 0 _aBiblioteca Marova de estudios del hombre ;
_v33
650 4 _aPensamiento creativo (Educación)
_95414
650 4 _aPsicopedagogía
_95085
905 _aLibro
999 _c18184
_d18184